000 00321nam a2200145Ia 4500
008 191201s2004 xx 000 0 und d
082 _a540
_bFIC
100 _aFINAR, I L
245 0 _aChemistry
250 _a6th
260 _aN.Delhi
_bPearson Education
_c2004
300 _a965
650 _aApplied
942 _2ddc
_cBK
999 _c1714
_d1714